Ve stínu slunce /
PŘED NELÍTOSTNÝM NEPŘÍTELEM SE NESKRYJETE ANI VE STÍNU SLUNCE Když se v první polovině 22. století začnou ztrácet kosmické lodě, vypadá to, že za to mohou piráti, povstalci z kolonií nebo nezměrné hlubiny vesmíru. Když se začnou vracet vyzbrojené neznámými zbraněmi a napadat plavid...
Uloženo v:
| Série: | UTSS Salamis,
část 1 |
|---|---|
| Hlavní autor: | |
| Médium: | E-kniha |
| Jazyk: | Czech |
| Vydáno: |
Praha :
Mystery Press s.r.o.,
2020
|
| Příbuzné jednotky: | Z cyklu::
UTSS Salamis |
| Tagy: |
Žádné tagy |
| LEADER | 02537nam a22002417i 4500 | ||
|---|---|---|---|
| 001 | 311140 | ||
| 007 | ta | ||
| 008 | 260601s2020 xr ||||| |||| 00| 0 cze d | ||
| 020 | |a 9788075881717 | ||
| 044 | |a xr | ||
| 100 | 1 | |a Mařík, Jakub |4 aut | |
| 245 | 1 | 0 | |a Ve stínu slunce / |c Mařík, Jakub |
| 264 | 1 | |a Praha : |b Mystery Press s.r.o., |c 2020 | |
| 300 | |a 1 online zdroj (288 stran) | ||
| 336 | |a text |b txt |2 rdacontent | ||
| 337 | |a bez média |b n |2 rdamedia | ||
| 338 | |a online zdroj |b cr |2 rdacarrier | ||
| 520 | 2 | |a PŘED NELÍTOSTNÝM NEPŘÍTELEM SE NESKRYJETE ANI VE STÍNU SLUNCE Když se v první polovině 22. století začnou ztrácet kosmické lodě, vypadá to, že za to mohou piráti, povstalci z kolonií nebo nezměrné hlubiny vesmíru. Když se začnou vracet vyzbrojené neznámými zbraněmi a napadat plavidla a vesmírné stanice, lidstvo velmi rychle zjistí, že je již celé měsíce ve válce, o které nemělo nejmenší tušení. Tajemní Korzáři útočí bez varování, nikdy se nepokoušejí o kontakt a při sebemenším riziku, že bude jejich loď obsazena, spustí totální autodestrukci. Lidé s nimi bojují už takřka deset let, ale živého Korzára s výjimkou unesených posádek zatím nikdo neviděl. Nelítostný nepřítel je stejnou záhadou jako na začátku války. UTSS Salamis měla být první lodí, která obsadí korzárské plavidlo a získá odpovědi na nejpalčivější otázky o záhadném protivníkovi. Místo toho jen s obtížemi unikne ze ztracené bitvy a nyní se ukrývá ve svrchní koroně rudého obra Gamma Crucis, kde ji před žhnoucím peklem chrání jen experimentální ochranný štít. Ve stínu slunce měla být Salamis v bezpečí, ale jak brzy dokáže nález těla zavražděného technika, Korzáři jsou mnohem blíž, než si kdokoli z posádky myslel… _________________ „Užijete si mrazivou a zneklidňující atmosféru, řadu šokujících zvratů a také bravurně napsané akční scény.“ – PEVNOST | |
| 787 | 0 | 8 | |g 1 |i Z cyklu: |t UTSS Salamis |
| 910 | |a RBIT002 | ||
| 998 | |d 204027 |a https://core.palmknihy.cz/api/books/204027/cover?q5u4ta |b https://core.palmknihy.cz/api/books/204027/cover/400?q5u4ta |c https://core.palmknihy.cz/api/books/204027/cover/50?q5u4ta |e 2031-09-23 |g 288 |i 9788075881717 |j https://core.palmknihy.cz/api/books/204027/preview.epub |k https://core.palmknihy.cz/api/books/204027/preview.pdf |l |q 49 |r 1 |s https://www.palmknihy.cz/kniha/204027 |t ebook |y 2020 |z 1 |v UTSS Salamis |w 1 | ||
| 999 | |d 311138 | ||